000 00364nam a2200157Ia 4500
008 230524s9999 xx 000 0 und d
082 _a537
_bMIT
100 _aG.K.Mithal
245 0 _aElectromagnetic Fields
250 _a4TH
260 _aNEW DELHI
_bKhanna
_c2002
300 _aIV;304
500 _aQuantity Number: 2
650 _aElectrical
942 _cBK
999 _c37516
_d37516